000 00386nam a2200169Ia 4500
008 220531s9999 xx 000 0 und d
041 _aeng
082 _bLAL
100 _aLall, Ramji
_939521
245 _aShelleys A Donais
260 _bRama
_c1995
300 _a154
542 _d15-07-1998
650 _aEnglish
_939522
906 _d1998-1999
_f6399
999 _c23831
_d23831